Myanmar : anatomy of a political transition /

Bibliographic Details
Main Author: Clapp, Priscilla (Author)
Format: Government Document eBook
Language:English
Published: Washington, DC : United States Institute of Peace, 2015.
Series:Special report (United States Institute of Peace) ; 369.
Subjects:
Online Access:https://purl.fdlp.gov/GPO/gpo148147

MARC

Tag First Indicator Second Indicator Subfields
LEADER 00000cam a2200000 i 4500
001 in00004430708
005 20211120111325.0
006 m o d f
007 cr b||||||||||
008 150505t20152015dcu ob f000 0 eng c
035 |a (OCoLC)ocn908395758 
042 |a pcc 
043 |a a-br--- 
040 |a AWC  |b eng  |e rda  |e pn  |c AWC  |d OCLCF  |d OCL  |d GPO  |d MvI 
049 |a WWW 
074 |a 1063-K-16 (online) 
086 0 |a Y 3.P 31:20/369 
100 1 |a Clapp, Priscilla,  |e author. 
245 1 0 |a Myanmar :  |b anatomy of a political transition /  |c Priscilla Clapp. 
264 1 |a Washington, DC :  |b United States Institute of Peace,  |c 2015. 
264 4 |c ©2015 
300 |a 1 online resource (16 pages). 
336 |a text  |b txt  |2 rdacontent 
337 |a computer  |b c  |2 rdamedia 
338 |a online resource  |b cr  |2 rdacarrier 
490 1 |a Special report ;  |v 369 
500 |a "April 2015." 
504 |a Includes bibliographical references (page 16). 
588 |a Description based on online resource; title from PDF caption (USIP, viewed December 2, 2020). 
650 0 |a Democratization  |z Burma. 
651 0 |a Burma  |x Politics and government  |y 21st century. 
650 7 |a Democratization.  |2 fast  |0 (OCoLC)fst00890123 
650 7 |a Politics and government.  |2 fast  |0 (OCoLC)fst01919741 
651 7 |a Burma.  |2 fast  |0 (OCoLC)fst01207835 
648 7 |a 2000-2099  |2 fast 
710 2 |a United States Institute of Peace,  |e issuing body. 
830 0 |a Special report (United States Institute of Peace) ;  |v 369. 
856 4 0 |u https://purl.fdlp.gov/GPO/gpo148147  |t 0 
999 f f |s 4746420f-9ccf-383f-9036-4ceae2d8fcd6  |i 96b21fb5-31e8-352e-9059-c15095667b1f  |t 0 
952 f f |a Texas A&M University  |b College Station  |c Electronic Resources  |d Available Online  |t 0  |e Y 3.P 31:20/369  |h Superintendent of Documents classification 
998 f f |a Y 3.P 31:20/369  |t 0  |l Available Online